Catalogo della Esposizione Industriale Carceraria e della Esposizione dei tipi di celle. (Record no. 180540)

MARC details
000 -LEADER
campo de control de longitud fija 01071nam a2200217 i 4500
001 - NÚMERO DE CONTROL
campo de control 180540
003 - IDENTIFICADOR DE NÚMERO DE CONTROL
campo de control ES-MaACL
005 - FECHA Y HORA DE LA ÚLTIMA TRANSACCIÓN
campo de control 20250719062548.0
008 - DATOS DE LONGITUD FIJA--INFORMACIÓN GENERAL
campo de control de longitud fija 120612s1885 it |||| | ita d
245 00 - MENCIÓN DEL TÍTULO
Título Catalogo della Esposizione Industriale Carceraria e della Esposizione dei tipi di celle.
260 ## - PUBLICACIÓN, DISTRIBUCIÓN, ETC.
Lugar de publicación, distribución, etc. Roma :
Nombre del editor, distribuidor, etc. [s.n.],
Fecha de publicación, distribución, etc. 1885 (
Fabricante Tip. delle Mantellate)
300 ## - DESCRIPCIÓN FÍSICA
Extensión XVI, 104, 79 p. ;
Dimensiones 22 cm.
594 ## - Nota al título y mención de responsabilidad
Nota al título y mención de responsabilidad Precede al tít.: III Congresso Penitenziario Internazionale.
650 #4 - PUNTO DE ACCESO ADICIONAL DE MATERIA--TÉRMINO DE MATERIA
Término de materia o nombre geográfico como elemento de entrada Establecimientos penitenciarios-
Subdivisión de forma Congresos y asambleas.
9 (RLIN) 163123
711 2# - ENTRADA AGREGADA--NOMBRE DE REUNIÓN
Nombre de congreso/reunión o jurisdicción como elemento de entrada Congresso Penitenziario Internazionale (
Número del congreso/reunión o número de parte o sección 3º.
Fecha del congreso o de la firma del tratado 1884.
Sede del congreso/Lugar de la reunión Roma)
9 (RLIN) 150488
852 ## - LOCALIZACIÓN
Ubicación ES-MaACL
Número de control de estantería D-167
itemnumber 187456
Sublocalización o colección R.M.146
Ubicación en estantería Sala Valle Inclán
Signatura antigua Olim: 193-D-31
Marcas de propiedad Sello en tinta en portada: "Donativo del Sr. Lastres al Ateneo de Madrid 1907"
Donativo/Legado Donación: Francisco Lastres y Juiz
Encuadernación Encuadernado con otras obras formando un volumen facticio
903 ## - NOMBRE PERSONAL DE DONANTE
a Lastres y Juiz, Francisco,
d 1848-1918
e Donante
q 1
9 70504
942 ## - ELEMENTOS DE ENTRADA SECUNDARIOS (KOHA)
Fuente del sistema de clasificación o colocación Clasificación decimal universal
Tipo de ítem Koha Libro impreso antiguo
Holdings
Estatus retirado Estado de pérdida Fuente del sistema de clasificación o colocación Estado de daño No para préstamo Colección Biblioteca de origen Biblioteca actual Ubicación en estantería Fecha de adquisición Fuente de adquisición Total de préstamos Signatura topográfica completa Código de barras Visto por última vez Precio de reemplazo Tipo de ítem Koha
    Clasificación decimal universal     Libros del s. XIX Biblioteca del Ateneo de Madrid Biblioteca del Ateneo de Madrid Sala Valle Inclán 12/06/2012 Donación   D-167 901189707 23/02/2023 23/02/2023 Libro impreso antiguo